000 00252nam a2200097Ia 4500
001 760572
005 20250826165151.0
008 250824s9999 xx 000 0 und d
245 0 _aOSMANLI DA DERİN DEVLET
_cYAVUZ BAHADIROĞLU
260 _bPANAMA YAYINLARI
999 _c760572
_d760572